Next In Line to the English Throne - Statistics

General Stats
  • This quiz has been taken 331 times
    294 since last reset
  • The average score is 6 of 9
Answer Stats
Hint Answer % Correct
1st William, Duke of Cambridge
96%
5th Prince Harry, Duke of Sussex
92%
2nd Prince George of Cambridge
86%
3rd Princess Charlotte of Cambridge
74%
4th Prince Louis of Cambridge
68%
6th Prince Andrew, Duke of York
65%
9th Prince Edward, Earl of Wessex
55%
7th Princess Beatrice of York
37%
8th Princess Eugene of York
16%
No matching quizzes found
Score Distribution
Percent of People with Each Score
Percentile by Number Answered
Your Score History
You have not taken this quiz since the last reset